000 00593nam a2200229Ia 4500
003 OSt
005 20220928102606.0
006 a|||||r|||| 00| 0
007 ta
008 220927b |||||||| |||| 00| 0 eng d
024 _a108849
037 _cTextual
040 _aSDCL
_cSDCL
_beng
041 _2eng
_aeng
082 _aO152,6N454x, M9
100 _aNand Kishore
_9399183
245 0 _aSarjak ka mann
260 _aBikaner
_bVagdeve Prakashan
_c1989
300 _a168p.
_ccm.
942 _hO152,6N454x, M9
_cTEXL
_2CC
999 _c715051
_d715051